[Event "HUN-chT3"]
[Site "Hungary"]
[Date "1991.??.??"]
[Round "?"]
[White "Bartha, Attila"]
[Black "Menyhart, Tibor"]
[Result "1/2-1/2"]
[WhiteElo "2185"]
[BlackElo "2215"]
[PlyCount "42"]
[EventDate "1991.??.??"]
[EventType "team"]
[EventRounds "11"]
[EventCountry "HUN"]
[SourceTitle "EXT 2001"]
[Source "ChessBase"]
[SourceDate "2000.11.22"]
[SourceVersion "1"]
[SourceVersionDate "2000.11.22"]
[SourceQuality "1"]

1. c4 c5 2. Nf3 Nf6 3. d4 cxd4 4. Nxd4 d5 5. cxd5 Nxd5 6. e4 Nf6 7. Nc3 e5 8. Bb5+ Nbd7 9. Nf3 a6 10. Bc4 Be7 11. 0-0 0-0 12. a4 Qc7 13. Qe2 Nb6 14. Bb3 Bg4 15. Be3 Nbd7 16. Rac1 Qa5 17. Nd5 Nxd5 18. Bxd5 Rab8 19. Ba7 Ra8 20. Be3 Rab8 21. Ba7 Ra8 1/2-1/2